Szczegóły MARC21

Podstawy makroekonomii /

003 -Nazwa inst., której nr kontr. jest w polu 001 [,]
    • @
    • Nazwa instytucji, której n kontrolny jest w polu 001
    • NUKAT
005 -DATA I CZAS OSTATNIEJ MODYFIKACJI [,]
    • @
    • pole kontrolne
    • 20241231112643.0
020 -Międzynarod. znormalizowany nr książki - ISBN [ , ]
    • a
    • Numer ISBN
    • 8387249270 Find
040 -Instytucja sporządzająca opis [ , ]
    • a
    • Instytucja, która sporządziła opis (NP)
    • KR 93/11SWB
    • c
    • Instytucja, która sporządziła rekord (NP)
    • KR 93/11SWB
    • d
    • Instytucja, która zmodyfikowała rekord (P)
    • KR 93/ZP
    • d
    • Instytucja, która zmodyfikowała rekord (P)
    • KR 93/BJs
942 -Rodzaj dokumentu [ , ]
    • c
    • Rodzaj dokumentu
    • Książka
100 -Hasło główne - nazwa osobowa [1, ]
    • a
    • Nazwa osobowa (NP)
    • Grzywacz, Waldemar
    • d
    • Daty biograficzne (NP)
    • (1932-2020).
    • 9
    • KHW
    • 47027
245 -Strefa tytułu i oznaczenia odpowiedzialności [1,0]
    • a
    • Tytuł
    • Podstawy makroekonomii / Find
    • c
    • Pozostałe elementy strefy tytułu i oznaczenia odpowiedzialności (NP)
    • Waldemar Grzywacz ; Wyższa Szkoła Zawodowa "Oeconomicus" Polskiego Towarzystwa Ekonomicznego w Szczecinie.
260 -Strefa adresu wydawniczego [ , ]
    • a
    • Miejsce wydania (P)
    • Szczecin :
    • b
    • Nazwa wydawcy (P)
    • PTE Oddział Wojewódzki,
    • c
    • Data wydania (P)
    • 2002.
300 -Strefa opisu fizycznego [ , ]
    • a
    • Określenie formy książki i/lub objętość (NP)
    • 269 s. :
    • b
    • Oznaczenie ilustracji (NP)
    • rys., tab. ;
    • c
    • Format (NP)
    • 23 cm.
336 -Typ zawartości [ , ]
    • a
    • Termin opisujący typ zawartości
    • Tekst
    • b
    • Kod określający zawartość
    • txt
    • 2
    • Źródło (terminu i kodu)
    • rdacontent
337 -Typ mediów [ , ]
    • a
    • Tryb odtwarzania
    • Bez urządzenia pośredniczącego
    • b
    • Kod typu mediów
    • n
    • 2
    • Źródło (terminu i kodu)
    • rdamedia
338 -Typ/rodzaj nośnika [ , ]
    • a
    • Hasło opisujące typ nośnika
    • Wolumin
    • b
    • Kod typu nośnika
    • nc
    • 2
    • Źródło (terminu i kodu)
    • rdacarrier
504 -Uwaga dot. bibliogr. załącznikowej [ , ]
    • a
    • Uwaga dot. bibliografii załącznikowej
    • Bibliogr. s. 269.
521 -Uwaga dot. przeznaczenia czytelniczego [8, ]
    • a
    • Uwaga dot. przeznaczenia czytelniczego
    • Dla studentów licencjackich studiów ekonomicznych.
080 -Uniwersalna Klasyfikacja Dziesiętna [ , ]
    • a
    • Symbol klasyfikacji
    • 330.101.541
    • 2
    • Identyfikator wydania tablic
    • UDC-P058
    • 9
    • UKD
    • 2946
    • b
    • Dopowiedzenie
    • Makroekonomia.
    • 4
    • UKD2
    • 7665
    • x
    • Poddział wspólny
    • (075.8)
    • c
    • Dopowiedzenie poddz. wspólnego
    • (Podręczniki dla szkół wyższych. Skrypty).
650 -Hasło przedmiotowe [ ,7]
    • a
    • Hasło przedmiotowe
    • Makroekonomia
    • v
    • Określnik formalny
    • podręczniki akademickie.
    • 2
    • Źródło terminu
    • kaba
    • 9
    • KHW
    • 354412
980 -Symbol UKD [ , ]
    • a
    • UKD
    • 330.101.541(075.8)
920 -ISBN [ , ]
    • a
    • ISBN
    • 83-87249-27-0 Find
Sygnatura Numer inwentarzowy Status udost. Lokalizacja Data inwentaryzacji
TM.12041TM.12041-3 2014-12-30
 E.68174-2BE2002-03-04
 S.90100-2BE2002-10-28
 Z.986381BG2002-03-04
T.6441T.6441-2T2002-03-04
 T.6444-3T2002-03-04
 T.6445-3T2002-03-04
 T.6446-3T2002-03-04
 T.6447-3T2002-03-04
 TM.2-3T2002-05-09
 TM.3-3T2002-05-09
 TM.4-3T2002-05-09
 TM.5-3T2002-05-09
 TM.6-6T2002-05-09
 TM.7-3T2002-05-09
 TM.8-3T2002-05-09
 TM.9-3T2002-05-09
 TM.10-3T2002-05-09
 TM.11-3T2002-05-09
 TM.12-3T2002-05-09
 TM.357-3T2002-10-28
 TM.358-3T2002-10-28
 TM.359-3T2002-10-28
 TM.360-3T2002-10-28
 TM.361-3T2002-10-28
 TM.362-3T2002-10-28
 TM.363-3T2002-10-28
 TM.1880-3T2003-11-24
 TM.1881-3T2003-11-24
 TM.1883-3T2003-11-24
 TM.1884-3T2003-11-24
 TM.1885-3T2003-11-24
 TM.1886-3T2003-11-24
 TM.1887-3T2003-11-24
 TM.1888-3T2003-11-24
 TM.1889-3T2003-11-24
 TM.2107-3T2004-04-06
 TM.2108-3T2004-04-06
 TM.3071-3T2005-03-31
 TM.3072-3T2005-03-31
 TM.3073-3T2005-03-31
 TM.9910-3T2013-12-18
 TM.3074-3T2005-03-31
 TM.3075-6T2005-03-31
 TM.3076-3T2005-03-31
 TM.3077-3T2005-03-31
 TM.3078-3T2005-03-31
 TM.3079-3T2005-03-31
 TM.3080-3T2005-03-31
 TM.4086-3T2006-05-30
 TM.8575-3T2012-06-26
 T.6442-6T2002-03-04
 T.6443-6T2002-03-04
 TM.1882-6T2003-11-24
 T.6448-6T2002-03-04